| 000 | 00472nam a2200169 a 4500 | ||
|---|---|---|---|
| 003 | PILC | ||
| 005 | 20151020102814.0 | ||
| 008 | 970101s19uu xx 00 eng d | ||
| 020 | _a8171815332 | ||
| 050 |
_aE 612 _b.G884 1998 |
||
| 245 |
_aHow we behave _cEditirial Neeta Datta, Madhvi Kapur, Sharmistha Dash. |
||
| 260 |
_aNew Delhi : _bLearners Press Private Ltd, _c1998. |
||
| 300 |
_a80 p. : _c18 cm. |
||
| 650 | _aHuman behavior | ||
| 942 |
_cBK _2lcc |
||
| 999 |
_c12709 _d12709 |
||